000 01669cam a2200145 4500500
005 20260405000129.0
041 _afre
042 _adc
100 1 0 _aFerrara, Silvia
_eauthor
700 1 0 _aDalarun, Jacques
_eauthor
245 0 0 _aAvant l'écriture
260 _bLe Seuil,
_c2023.
520 _aDes empreintes de mains sur les parois de Pech Merle à celles de Yenikapı en Turquie, des girafes gravées dans le désert du Sahara aux pétroglyphes géants d’Hawaï, des temples de Göbekli Tepe aux signes énigmatiques dans les grottes marines du Salento, Silvia Ferrara nous entraîne dans un extraordinaire voyage sur les traces graphiques de l’humanité. Nous voici soudain face à des dessins d’hommes et de femmes, d’animaux disparus, mais aussi face à des figures géométriques et sans légendes. Comment naissent des symboles, des icônes, des signes, des mots ? Qui les crée, et pourquoi ? Et qui les comprend ? Dans ce «saut» vers l’abstraction s’exprime la capacité humaine à façonner le réel et à lui donner vie. En déchiffrant ces écrits d’avant l’écriture qui nous parviennent depuis le fond des millénaires, les questions restent parfois en suspens. Mais la puissance de l’imagination continue de nous émerveiller et de nous parler. Silvia Ferrara est professeure de philologie mycénienne à l’Université de Bologne. Elle est responsable du programme de recherches européen INSCRIBE (Invention of Scripts and their Beginnings) consacré aux inventions de l’écriture.
856 4 1 _uhttps://shs.cairn.info/avant-lecriture--9782021519914?lang=fr&redirect-ssocas=7080
999 _c2034043
_d2034043